| 000 | 00688nam a2200253Ia 4500 | ||
|---|---|---|---|
| 003 | OSt | ||
| 005 | 20220926023144.0 | ||
| 006 | a|||||r|||| 00| 0 | ||
| 007 | ta | ||
| 008 | 220923b |||||||| |||| 00| 0 eng d | ||
| 020 | _a0471897086 | ||
| 037 | _cGeneral Book | ||
| 040 |
_aRTL _cRTL _beng |
||
| 041 |
_2eng _aeng |
||
| 082 | _aU.5, J3;M3 | ||
| 100 |
_aHoffman George W Ed. _9236008 |
||
| 245 | 0 |
_aGeography of Europe _b Problems and prospects |
|
| 250 | _a5 | ||
| 260 |
_aNew York _bWiley U S A _c1983 |
||
| 300 |
_axv,647p. _ccm. |
||
| 650 | _aPolitical Geography | ||
| 942 |
_hU.5, J3;M3 _cGB _2CC |
||
| 999 |
_c641039 _d641039 |
||